000 00347nam a2200133Ia 4500
005 20260326235444.0
008 260326s9999||||xx |||||||||||||| ||und||
100 _aWoods, Lebbeus
245 0 _aRadical reConstruction /
_cLebbeus Woods
260 _bPrinceton Architectural Press
300 _a168 p.
650 _aARQUITECTURA-GENERAL
942 _cBK
999 _c7514
_d7514